00664nam a22002057a 450000500170000001000120001702000270002903700280005608200110008410000270009524500940012225000060021626000410022227000800026330000180034370000290036170000270039094200220041799900190043920260301142602.0 aBACEN26 a9789353509064c1450.00 bCengage Learning India  29a515 aStewart, James 987938 aCalculus: bEarly Transcendentals/cby James Stewart, Daniel K. Clegg [and] Saleem Watson a9 c2025aDelhibCengage Learning India  aT-303, 3rd Floor, DAV Complex, Plot No3, Mayur Vihar pHase 1bDelhie110091 avp.c25cm(pb) aClegg, Daniel K. 987484 aWatson, Saleem 987485 cEN2ddch515mSTE c214974d214974